[Event "POL ch 44"]
[Site "Wroclaw"]
[Date "1987.??.??"]
[Round "7"]
[White "Staniszewski, Piotr"]
[Black "Tomaszewski, Roman"]
[Result "1-0"]
[WhiteElo "2420"]
[BlackElo "2380"]
[PlyCount "115"]
[EventDate "1987.??.??"]
[Source "Polbase"]
[SourceDate "1999.10.27"]

1. d4 d5 2. c4 c6 3. Nf3 Nf6 4. Nc3 dxc4 5. a4 Bf5 6. e3 e6 7. Bxc4 Bb4 8. O-O
Nbd7 9. Qe2 O-O 10. e4 Bg6 11. Bd3 Bh5 12. e5 Nd5 13. Nxd5 cxd5 14. Qe3 Be7 15.
Bd2 Nb8 16. Ne1 Nc6 17. Qh3 Bg6 18. Bxg6 hxg6 19. Nf3 Re8 20. a5 Nb8 21. Qg4
Nd7 22. h4 Nf8 23. h5 gxh5 24. Qxh5 Qd7 25. b4 Rec8 26. Ra3 Qe8 27. Qg4 f5 28.
exf6 Bxf6 29. Re1 Rc2 30. Bf4 Qg6 31. Qxg6 Nxg6 32. Bd6 Nh4 33. Nxh4 Bxh4 34.
g3 Bf6 35. Bc5 Kf7 36. Rae3 Re8 37. Bxa7 Rc4 38. Rb3 Bxd4 39. Bxd4 Rxd4 40. Ra1
Ra8 41. b5 Ke7 42. a6 bxa6 43. bxa6 Ra7 44. Rb6 Re4 45. Kf1 Kf6 46. f3 Re3 47.
Kf2 Rc3 48. g4 Rc2+ 49. Kg3 Rc3 50. Ra5 Ke7 51. Rab5 Kd7 52. Kf4 Kc8 53. Rxe6
Rf7+ 54. Kg5 Rcxf3 55. Rxd5 R7f6 56. a7 Ra3 57. Rxf6 gxf6+ 58. Kxf6 1-0

[Event "POL ch 44"]
[Site "Wroclaw"]
[Date "1987.??.??"]
[Round "7"]
[White "Sygulski, Artur"]
[Black "Skrobek, Ryszard"]
[Result "1-0"]
[WhiteElo "2400"]
[BlackElo "2410"]
[PlyCount "41"]
[EventDate "1987.??.??"]
[Source "Polbase"]
[SourceDate "1999.10.27"]

1. d4 Nf6 2. c4 e5 3. dxe5 Ng4 4. Nf3 Nc6 5. Nc3 Ngxe5 6. Nxe5 Nxe5 7. Qd4 Nc6
8. Qe4+ Be7 9. Nd5 O-O 10. Nxe7+ Nxe7 11. Bg5 f6 12. Bd2 d6 13. e3 Bf5 14. Qf4
Qd7 15. Be2 Ng6 16. Qd4 c5 17. Qd5+ Be6 18. Qd3 Ne5 19. Qc2 Qf7 20. b3 d5 21.
f4 1-0

[Event "POL ch 44"]
[Site "Wroclaw"]
[Date "1987.??.??"]
[Round "8"]
[White "Adamski, Jan"]
[Black "Panczyk, Krzysztof"]
[Result "1/2-1/2"]
[WhiteElo "2420"]
[BlackElo "2410"]
[PlyCount "62"]
[EventDate "1987.??.??"]
[Source "Polbase"]
[SourceDate "1999.10.27"]

1. d4 Nf6 2. c4 c5 3. d5 e6 4. Nc3 exd5 5. cxd5 d6 6. Nf3 g6 7. g3 Bg7 8. Bg2
O-O 9. O-O Na6 10. h3 Re8 11. Re1 Bd7 12. e4 b5 13. e5 dxe5 14. Nxe5 b4 15. Na4
Qa5 16. Nxd7 Rxe1+ 17. Qxe1 Qxa4 18. Nxf6+ Bxf6 19. Qd2 c4 20. Qf4 Qd1+ 21. Kh2
Qd4 22. Bf1 Rc8 23. Rb1 Nc5 24. Qxd4 Bxd4 25. Bxc4 Ne4 26. Bb3 Bxf2 27. g4 Nc5
28. Bc4 Nd7 29. Bb3 Nc5 30. Bc4 Ne4 31. Bb3 Nc5 1/2-1/2

[Event "POL ch 44"]
[Site "Wroclaw"]
[Date "1987.??.??"]
[Round "8"]
[White "Bany, Jerzy"]
[Black "Hawelko, Marek"]
[Result "0-1"]
[WhiteElo "2430"]
[BlackElo "2460"]
[PlyCount "72"]
[EventDate "1987.??.??"]
[Source "Polbase"]
[SourceDate "1999.10.27"]

1. Nf3 Nf6 2. c4 e6 3. g3 a6 4. Bg2 b5 5. b3 Bb7 6. O-O c5 7. Nc3 bxc4 8. bxc4
Be7 9. Rb1 Bc6 10. d3 d6 11. Nd2 Qc7 12. Nde4 O-O 13. Nxf6+ Bxf6 14. Ne4 Be7
15. d4 Nd7 16. d5 exd5 17. cxd5 Bb7 18. Bf4 Rab8 19. Nd2 c4 20. Qc2 Rfc8 21. e4
a5 22. Bh3 Ba6 23. Nf3 Bf6 24. Rfc1 c3 25. Bg5 Rb2 26. Qa4 Bxg5 27. Nxg5 Qb6
28. Rf1 Rxb1 29. Qxd7 Rxf1+ 30. Bxf1 Qb7 31. Qf5 g6 32. Qh3 h5 33. Bxa6 Qxa6
34. Qd7 Rf8 35. Qc7 Qc8 36. Qxd6 c2 0-1

[Event "POL ch 44"]
[Site "Wroclaw"]
[Date "1987.??.??"]
[Round "8"]
[White "Dejkalo, Stefan"]
[Black "Przewoznik, Jan"]
[Result "0-1"]
[WhiteElo "2395"]
[BlackElo "2430"]
[PlyCount "120"]
[EventDate "1987.??.??"]
[Source "Polbase"]
[SourceDate "1999.10.27"]

1. c4 Nf6 2. Nc3 e6 3. Nf3 c5 4. e3 d5 5. d4 Nc6 6. a3 a6 7. dxc5 Bxc5 8. b4
Ba7 9. Bb2 O-O 10. Qc2 Qe7 11. Bd3 dxc4 12. Bxc4 b5 13. Bd3 Bb7 14. Ng5 h6 15.
Nge4 Ne5 16. Nxf6+ Qxf6 17. Be4 Bxe4 18. Nxe4 Nd3+ 19. Qxd3 Qxb2 20. O-O Rfd8
21. Qb1 Qxb1 22. Rfxb1 f5 23. Ng3 Bb8 24. a4 Be5 25. Ra2 Kf7 26. Kf1 Ke7 27.
Ke2 Rac8 28. f4 Bc3 29. axb5 axb5 30. Rc2 Bf6 31. Rbc1 Rxc2+ 32. Rxc2 g5 33.
fxg5 hxg5 34. Rc5 Rb8 35. e4 Bd4 36. Rc2 f4 37. Nf1 g4 38. h3 gxh3 39. gxh3 Rh8
40. Rd2 e5 41. Nh2 Rc8 42. Ng4 Rc4 43. Nh6 Rxb4 44. Nf5+ Kf6 45. Kf3 Rc4 46. h4
b4 47. Ra2 Rc3+ 48. Kg4 Ra3 49. Rc2 Bc3 50. h5 Ra7 51. Rc1 Rb7 52. Rd1 b3 53.
Rd6+ Kf7 54. h6 Kg8 55. Kh5 Kh7 56. Nh4 b2 57. Nf3 Rb8 58. Ng5+ Kh8 59. h7 b1=Q
60. Kg6 Qb7 0-1

[Event "POL ch 44"]
[Site "Wroclaw"]
[Date "1987.??.??"]
[Round "8"]
[White "Kuligowski, Adam"]
[Black "Sygulski, Artur"]
[Result "1/2-1/2"]
[WhiteElo "2400"]
[BlackElo "2400"]
[PlyCount "24"]
[EventDate "1987.??.??"]
[Source "Polbase"]
[SourceDate "1999.10.27"]

1. Nf3 Nf6 2. g3 g6 3. Bg2 Bg7 4. O-O O-O 5. d4 d6 6. Nbd2 Nbd7 7. e4 e5 8. Re1
Qe7 9. c3 b6 10. a4 a5 11. b3 Bb7 12. Qc2 Rfe8 1/2-1/2

[Event "POL ch 44"]
[Site "Wroclaw"]
[Date "1987.??.??"]
[Round "8"]
[White "Schmidt, Wlodzimierz"]
[Black "Maciejewski, Miroslaw"]
[Result "1-0"]
[WhiteElo "2470"]
[BlackElo "2285"]
[PlyCount "69"]
[EventDate "1987.??.??"]
[Source "Polbase"]
[SourceDate "1999.10.27"]

1. d4 e6 2. c4 Bb4+ 3. Bd2 Qe7 4. Nf3 f5 5. g3 Nf6 6. Bg2 O-O 7. O-O Bxd2 8.
Qxd2 d5 9. b3 c6 10. Qb2 Nbd7 11. Na3 Ne4 12. Nc2 b6 13. Rac1 Bb7 14. Nce1 Ng5
15. Nxg5 Qxg5 16. Nd3 Qe7 17. b4 Rfc8 18. Rfd1 Rab8 19. b5 cxb5 20. cxd5 Bxd5
21. Bxd5 exd5 22. Qxb5 Qd6 23. Qa6 Rc7 24. Rxc7 Qxc7 25. Rc1 Qb7 26. Qa3 Rf8
27. Qd6 Rf6 28. Qe7 Nc5 29. Qe8+ Rf8 30. Nxc5 bxc5 31. Qe6+ Kh8 32. Rxc5 Qb1+
33. Kg2 Qxa2 34. Rc8 Qa3 35. Qxf5 1-0

[Event "POL ch 44"]
[Site "Wroclaw"]
[Date "1987.??.??"]
[Round "8"]
[White "Skrobek, Ryszard"]
[Black "Juroszek, Tadeusz"]
[Result "1/2-1/2"]
[WhiteElo "2410"]
[BlackElo "2320"]
[PlyCount "26"]
[EventDate "1987.??.??"]
[Source "Polbase"]
[SourceDate "1999.10.27"]

1. e4 d6 2. d4 Nf6 3. Nc3 g6 4. f4 Bg7 5. Nf3 c5 6. Bb5+ Bd7 7. e5 Ng4 8. e6
Bxb5 9. exf7+ Kd7 10. Nxb5 Qa5+ 11. Nc3 cxd4 12. Nxd4 h5 13. h3 Nc6 1/2-1/2

[Event "POL ch 44"]
[Site "Wroclaw"]
[Date "1987.??.??"]
[Round "8"]
[White "Stempin, Pawel"]
[Black "Staniszewski, Piotr"]
[Result "1/2-1/2"]
[WhiteElo "2415"]
[BlackElo "2420"]
[PlyCount "63"]
[EventDate "1987.??.??"]
[Source "Polbase"]
[SourceDate "1999.10.27"]

1. d4 Nf6 2. Nf3 g6 3. c4 Bg7 4. Nc3 d5 5. cxd5 Nxd5 6. e4 Nxc3 7. bxc3 c5 8.
Rb1 O-O 9. Be2 cxd4 10. cxd4 b6 11. O-O Bb7 12. d5 Nd7 13. Bb2 Bxb2 14. Rxb2
Nc5 15. Qd4 e6 16. Bc4 exd5 17. Bxd5 Bxd5 18. exd5 Qd6 19. Re1 Rad8 20. Rd2
Rfe8 21. Rxe8+ Rxe8 22. h4 h5 23. g3 Re4 24. Qb2 Re7 25. Kg2 Ne4 26. Rd1 Nc5
27. Ng5 Ne4 28. Nf3 Nc5 29. Qd4 Re2 30. Rd2 Rxd2 31. Nxd2 Ne6 32. Ne4 1/2-1/2

[Event "POL ch 44"]
[Site "Wroclaw"]
[Date "1987.??.??"]
[Round "8"]
[White "Sznapik, Aleksander"]
[Black "Pinkas, Karol"]
[Result "1-0"]
[WhiteElo "2425"]
[BlackElo "2405"]
[PlyCount "91"]
[EventDate "1987.??.??"]
[Source "Polbase"]
[SourceDate "1999.10.27"]

1. e4 e5 2. Nf3 Nc6 3. Bb5 a6 4. Ba4 Nf6 5. O-O Nxe4 6. d4 b5 7. Bb3 d5 8. dxe5
Be6 9. Nbd2 Nc5 10. c3 Be7 11. Bc2 Bg4 12. h3 Bh5 13. Qe2 Ne6 14. Re1 Nf4 15.
Qe3 g5 16. Nb3 Bg6 17. Bxg6 hxg6 18. Nh2 Qd7 19. Qf3 Ne6 20. Ng4 Rh7 21. Be3
O-O-O 22. Red1 Nb8 23. Rd2 c6 24. a4 bxa4 25. Rxa4 c5 26. Ra5 Qc6 27. Qd1 Rhh8
28. Nf6 Bxf6 29. exf6 Nd7 30. Qa1 Qb6 31. Qa2 Kb7 32. Rxd5 Nxf6 33. Nxc5+ Nxc5
34. Bxc5 Qe6 35. Qb3+ Kc7 36. Bd4 Rxd5 37. Rxd5 Nxd5 38. Bxh8 Qe1+ 39. Kh2 Qe4
40. Bd4 Nf4 41. g3 Qf3 42. Qc4+ Kd7 43. Qxa6 g4 44. Qb7+ Ke6 45. Qc8+ Kd6 46.
Qxg4 1-0

[Event "POL ch 44"]
[Site "Wroclaw"]
[Date "1987.??.??"]
[Round "8"]
[White "Tomaszewski, Roman"]
[Black "Kuczynski, Robert"]
[Result "0-1"]
[WhiteElo "2380"]
[BlackElo "2450"]
[PlyCount "70"]
[EventDate "1987.??.??"]
[Source "Polbase"]
[SourceDate "1999.10.27"]

1. d4 d5 2. c4 c6 3. Nf3 Nf6 4. Nc3 e6 5. Bg5 h6 6. Bxf6 Qxf6 7. Qb3 a5 8. a3
a4 9. Qa2 Nd7 10. cxd5 exd5 11. e4 dxe4 12. Nxe4 Qf4 13. Nc3 Bd6 14. Be2 O-O
15. g3 Qf5 16. O-O Nb6 17. Qb1 Qxb1 18. Raxb1 Re8 19. Rfe1 Be6 20. Bd1 Red8 21.
Bc2 Be7 22. b3 Bxa3 23. bxa4 Nd5 24. Nxd5 Bxd5 25. Rxb7 c5 26. Rbb1 Bb4 27. Re3
cxd4 28. Rd3 Bc5 29. Nd2 Be6 30. Ne4 Ba7 31. Rd2 f5 32. Rb5 fxe4 33. Bxe4 Rac8
34. Rb7 Rd7 35. a5 Rxb7 0-1

[Event "POL ch 44"]
[Site "Wroclaw"]
[Date "1987.??.??"]
[Round "9"]
[White "Hawelko, Marek"]
[Black "Skrobek, Ryszard"]
[Result "1-0"]
[WhiteElo "2460"]
[BlackElo "2410"]
[PlyCount "40"]
[EventDate "1987.??.??"]
[Source "Polbase"]
[SourceDate "1999.10.27"]

1. e4 Nf6 2. e5 Nd5 3. d4 d6 4. Nf3 g6 5. Bc4 Nb6 6. Bb3 Bg7 7. a4 d5 8. a5 Nc4
9. Nbd2 Nxd2 10. Bxd2 Bg4 11. h3 Bxf3 12. Qxf3 e6 13. O-O c5 14. Ba4+ Nd7 15.
dxc5 Bxe5 16. a6 b5 17. cxb6 axb6 18. Rfe1 f6 19. Bb4 Qc7 20. Bb5 O-O-O 1-0

[Event "POL ch 44"]
[Site "Wroclaw"]
[Date "1987.??.??"]
[Round "9"]
[White "Juroszek, Tadeusz"]
[Black "Kuligowski, Adam"]
[Result "1-0"]
[WhiteElo "2320"]
[BlackElo "2400"]
[PlyCount "69"]
[EventDate "1987.??.??"]
[Source "Polbase"]
[SourceDate "1999.10.27"]

1. e4 c5 2. Nf3 d6 3. d4 cxd4 4. Nxd4 Nf6 5. Nc3 a6 6. Bc4 e6 7. Bb3 b5 8. O-O
Be7 9. Qf3 Qb6 10. Be3 Qb7 11. Qg3 g6 12. f3 Nbd7 13. Rad1 Ne5 14. Bg5 h6 15.
Qh4 Nh5 16. Bxe7 Qxe7 17. Qxe7+ Kxe7 18. f4 Ng4 19. Nc6+ Kd7 20. Ne5+ Nxe5 21.
fxe5 Rf8 22. exd6 Bb7 23. e5 Rac8 24. Rd4 Rc5 25. g4 Ng7 26. Rdf4 f5 27. exf6
Ne8 28. a4 Nxd6 29. axb5 axb5 30. Rd4 e5 31. Rd2 e4 32. f7 e3 33. Rd3 b4 34.
Ne2 Kc6 35. Rf6 1-0

[Event "POL ch 44"]
[Site "Wroclaw"]
[Date "1987.??.??"]
[Round "9"]
[White "Kuczynski, Robert"]
[Black "Stempin, Pawel"]
[Result "1/2-1/2"]
[WhiteElo "2450"]
[BlackElo "2415"]
[PlyCount "31"]
[EventDate "1987.??.??"]
[Source "Polbase"]
[SourceDate "1999.10.27"]

1. e4 c5 2. Nf3 d6 3. d4 cxd4 4. Nxd4 Nf6 5. Nc3 a6 6. Be2 e6 7. O-O Qc7 8. f4
Be7 9. Kh1 O-O 10. a4 Nc6 11. Be3 Re8 12. Bf3 Nxd4 13. Bxd4 e5 14. Be3 exf4 15.
Bxf4 Be6 16. Ne2 1/2-1/2

[Event "POL ch 44"]
[Site "Wroclaw"]
[Date "1987.??.??"]
[Round "9"]
[White "Maciejewski, Miroslaw"]
[Black "Dejkalo, Stefan"]
[Result "1/2-1/2"]
[WhiteElo "2285"]
[BlackElo "2395"]
[PlyCount "86"]
[EventDate "1987.??.??"]
[Source "Polbase"]
[SourceDate "1999.10.27"]

1. d4 f5 2. Nf3 Nf6 3. g3 e6 4. Bg2 d5 5. b3 Bd6 6. Ba3 Bxa3 7. Nxa3 Qe7 8. Qc1
O-O 9. O-O c6 10. c4 b6 11. Nc2 Bb7 12. Nce1 Nbd7 13. Nd3 Rfc8 14. Nfe5 Nxe5
15. Nxe5 c5 16. Qb2 cxd4 17. Qxd4 dxc4 18. Bxb7 Qxb7 19. Nxc4 Rd8 20. Qe5 Qd5
21. Rad1 Qxe5 22. Nxe5 Nd5 23. Rc1 Rac8 24. Rfd1 Kf8 25. f3 Ke8 26. Kf2 b5 27.
Rc6 Rxc6 28. Nxc6 Rd7 29. e4 fxe4 30. fxe4 Nc3 31. Rxd7 Kxd7 32. Ne5+ Kd6 33.
Nf7+ Ke7 34. Ne5 a6 35. a3 Nb1 36. a4 Nd2 37. axb5 axb5 38. b4 Nxe4+ 39. Ke3
Nf6 40. Kd4 Kd6 41. Nf7+ Kc6 42. Ng5 Kd6 43. Nf7+ Kc6 1/2-1/2

[Event "POL ch 44"]
[Site "Wroclaw"]
[Date "1987.??.??"]
[Round "9"]
[White "Matlak, Marek"]
[Black "Adamski, Jan"]
[Result "1/2-1/2"]
[WhiteElo "2390"]
[BlackElo "2420"]
[PlyCount "42"]
[EventDate "1987.??.??"]
[Source "Polbase"]
[SourceDate "1999.10.27"]

1. d4 Nf6 2. Nf3 d5 3. c4 e6 4. Nc3 dxc4 5. e3 c5 6. Bxc4 a6 7. dxc5 Qxd1+ 8.
Kxd1 Bxc5 9. a3 b5 10. Bd3 Bb7 11. Ke2 Nbd7 12. b3 Ke7 13. Bb2 Bd6 14. Rac1
Rhc8 15. Rhd1 Nc5 16. Bc2 Nce4 17. Nxe4 Nxe4 18. Bb1 g6 19. g3 Rxc1 20. Rxc1
Nc5 21. Nd2 Rc8 1/2-1/2

[Event "POL ch 44"]
[Site "Wroclaw"]
[Date "1987.??.??"]
[Round "9"]
[White "Panczyk, Krzysztof"]
[Black "Tomaszewski, Roman"]
[Result "0-1"]
[WhiteElo "2410"]
[BlackElo "2380"]
[PlyCount "66"]
[EventDate "1987.??.??"]
[Source "Polbase"]
[SourceDate "1999.10.27"]

1. d4 d5 2. c4 c6 3. Nc3 Nf6 4. Nf3 dxc4 5. a4 Bf5 6. e3 e6 7. Bxc4 Bb4 8. O-O
Nbd7 9. Qe2 Bg6 10. e4 Bxc3 11. bxc3 Nxe4 12. Ba3 Qc7 13. Qb2 b6 14. Rfe1 c5
15. d5 e5 16. Bd3 Nef6 17. Bxg6 hxg6 18. Nxe5 Nxe5 19. c4 Nfd7 20. f4 f6 21.
fxe5 Nxe5 22. d6 Qxd6 23. Rad1 Qe6 24. Qb5+ Kf7 25. Bb2 Rhd8 26. Bxe5 fxe5 27.
Qb2 e4 28. Qf2+ Kg8 29. Qh4 Rxd1 30. Rxd1 Re8 31. Rd8 e3 32. Rxe8+ Qxe8 33. Kf1
Qd7 0-1

[Event "POL ch 44"]
[Site "Wroclaw"]
[Date "1987.??.??"]
[Round "9"]
[White "Przewoznik, Jan"]
[Black "Sznapik, Aleksander"]
[Result "1/2-1/2"]
[WhiteElo "2430"]
[BlackElo "2425"]
[PlyCount "50"]
[EventDate "1987.??.??"]
[Source "Polbase"]
[SourceDate "1999.10.27"]

1. e4 d6 2. d4 Nf6 3. Nc3 g6 4. Nf3 Bg7 5. h3 O-O 6. Be3 c6 7. a4 a5 8. Be2 Na6
9. O-O Nb4 10. Qc1 Qc7 11. Rd1 d5 12. e5 Ne8 13. Nb1 f6 14. c3 Na6 15. Bf4 Qd8
16. Nbd2 Nac7 17. Nf1 Ne6 18. Bh2 N8c7 19. Qe3 b6 20. exf6 exf6 21. Bd3 Ba6 22.
Bc2 Re8 23. Qd2 Qd7 24. Re1 Nf8 25. Rxe8 Rxe8 1/2-1/2

[Event "POL ch 44"]
[Site "Wroclaw"]
[Date "1987.??.??"]
[Round "9"]
[White "Staniszewski, Piotr"]
[Black "Bany, Jerzy"]
[Result "1/2-1/2"]
[WhiteElo "2420"]
[BlackElo "2430"]
[PlyCount "78"]
[EventDate "1987.??.??"]
[Source "Polbase"]
[SourceDate "1999.10.27"]

1. d4 d5 2. c4 c6 3. Nc3 Nf6 4. Nf3 e6 5. e3 Nbd7 6. Bd3 dxc4 7. Bxc4 b5 8. Bd3
a6 9. e4 c5 10. e5 cxd4 11. Nxb5 Nxe5 12. Nxe5 axb5 13. Bxb5+ Bd7 14. Nxd7 Qa5+
15. Bd2 Qxb5 16. Nxf8 Kxf8 17. a4 Qxb2 18. O-O Nd5 19. Rb1 Qa3 20. Qh5 Kg8 21.
Rb7 Rf8 22. Qe5 h5 23. Qxd4 Ra8 24. a5 h4 25. Rfb1 Rh5 26. Rb8+ Rxb8 27. Rxb8+
Kh7 28. Qe4+ g6 29. h3 Qa1+ 30. Qb1 Qa4 31. Qb2 e5 32. Qc1 Kg7 33. Rd8 Nf4 34.
Bxf4 Qxf4 35. Qc5 Kh7 36. a6 Rg5 37. Qc6 Rf5 38. Qc5 Rg5 39. Qc6 Rf5 1/2-1/2

[Event "POL ch 44"]
[Site "Wroclaw"]
[Date "1987.??.??"]
[Round "10"]
[White "Bany, Jerzy"]
[Black "Kuczynski, Robert"]
[Result "1/2-1/2"]
[WhiteElo "2430"]
[BlackElo "2450"]
[PlyCount "24"]
[EventDate "1987.??.??"]
[Source "Polbase"]
[SourceDate "1999.10.27"]

1. c4 c5 2. Nf3 Nf6 3. g3 d5 4. cxd5 Nxd5 5. Bg2 Nc6 6. d4 cxd4 7. Nxd4 Ndb4 8.
Nxc6 Qxd1+ 9. Kxd1 Nxc6 10. Bxc6+ bxc6 11. Be3 g6 12. Nc3 Bg7 1/2-1/2

[Event "POL ch 44"]
[Site "Wroclaw"]
[Date "1987.??.??"]
[Round "10"]
[White "Kuligowski, Adam"]
[Black "Hawelko, Marek"]
[Result "0-1"]
[WhiteElo "2400"]
[BlackElo "2460"]
[PlyCount "122"]
[EventDate "1987.??.??"]
[Source "Polbase"]
[SourceDate "1999.10.27"]

1. d4 Nf6 2. c4 c5 3. d5 b5 4. cxb5 a6 5. bxa6 g6 6. e3 Bg7 7. Nc3 Qa5 8. Bd2
Bxa6 9. Bxa6 Qxa6 10. Nge2 O-O 11. e4 d6 12. Qc2 Qb7 13. a4 Na6 14. Nb5 Rfc8
15. O-O Nb4 16. Qc4 Na6 17. Bc3 Nc7 18. Ra3 Qa6 19. Rd1 Nd7 20. Bxg7 Kxg7 21.
Nec3 Qa5 22. Na2 Ne5 23. Qe2 Rab8 24. f4 Nd7 25. Nac3 Qb4 26. Na2 Qa5 27. Nac3
Qb4 28. Na7 Re8 29. Rd2 c4 30. Kh1 Qc5 31. Nab5 Nxb5 32. axb5 Ra8 33. Rxa8 Rxa8
34. Rd1 f6 35. h3 h6 36. Qg4 Qc7 37. Qe2 g5 38. Rf1 Nb6 39. Qc2 Qc5 40. e5 Nxd5
41. exf6+ exf6 42. fxg5 hxg5 43. Qf5 Nf4 44. Qd7+ Kg6 45. Ne4 Qd5 46. Rxf4 Ra1+
47. Kh2 Qe5 48. g3 gxf4 49. Qg4+ Kf7 50. Qd7+ Kg6 51. Qg4+ Kh7 52. Qh4+ Kg7 53.
Qg4+ Kf8 54. Qc8+ Kg7 55. Qg4+ Kf8 56. Qc8+ Qe8 57. Qf5 fxg3+ 58. Kg2 Qe5 59.
Qc8+ Kg7 60. Qg4+ Kf8 61. Qc8+ Ke7 0-1

[Event "POL ch 44"]
[Site "Wroclaw"]
[Date "1987.??.??"]
[Round "10"]
[White "Pinkas, Karol"]
[Black "Przewoznik, Jan"]
[Result "0-1"]
[WhiteElo "2405"]
[BlackElo "2430"]
[PlyCount "80"]
[EventDate "1987.??.??"]
[Source "Polbase"]
[SourceDate "1999.10.27"]

1. e4 e5 2. Nf3 Nc6 3. Bb5 a6 4. Ba4 Nf6 5. O-O Be7 6. Re1 b5 7. Bb3 d6 8. c3
O-O 9. h3 Bb7 10. d4 Re8 11. Nbd2 Bf8 12. Bc2 g6 13. d5 Nb8 14. c4 c6 15. dxc6
Nxc6 16. a3 Bg7 17. Bd3 bxc4 18. Bxc4 Nd4 19. Nxd4 exd4 20. Nf3 d5 21. exd5
Rxe1+ 22. Nxe1 Nxd5 23. Qb3 Qd7 24. Nf3 Re8 25. Bd2 Nf6 26. Rd1 Ne4 27. Bb4 Rc8
28. Qd3 a5 29. Be1 Nc5 30. Qe2 Re8 31. Qf1 Bxf3 32. gxf3 Qf5 33. Bxa5 Qxf3 34.
Re1 Be5 35. Qg2 Qf4 36. Bb5 Rb8 37. a4 d3 38. Re3 Nb3 39. Qg3 Qxg3+ 40. fxg3
Bd4 0-1

[Event "POL ch 44"]
[Site "Wroclaw"]
[Date "1987.??.??"]
[Round "10"]
[White "Schmidt, Wlodzimierz"]
[Black "Juroszek, Tadeusz"]
[Result "1/2-1/2"]
[WhiteElo "2470"]
[BlackElo "2320"]
[PlyCount "31"]
[EventDate "1987.??.??"]
[Source "Polbase"]
[SourceDate "1999.10.27"]

1. d4 Nf6 2. Nf3 b5 3. Bg5 Bb7 4. e3 a6 5. Nbd2 g6 6. c3 Bg7 7. a4 c6 8. Bd3
O-O 9. O-O d6 10. b4 Nbd7 11. c4 bxc4 12. Nxc4 c5 13. bxc5 dxc5 14. Rb1 Bd5 15.
Bh4 Qc7 16. Bg3 1/2-1/2

[Event "POL ch 44"]
[Site "Wroclaw"]
[Date "1987.??.??"]
[Round "10"]
[White "Skrobek, Ryszard"]
[Black "Staniszewski, Piotr"]
[Result "0-1"]
[WhiteElo "2410"]
[BlackElo "2420"]
[PlyCount "48"]
[EventDate "1987.??.??"]
[Source "Polbase"]
[SourceDate "1999.10.27"]

1. e4 c5 2. Nf3 d6 3. d4 cxd4 4. Nxd4 Nf6 5. Nc3 a6 6. Bc4 e6 7. Bb3 b5 8. O-O
Be7 9. Qf3 Qc7 10. Qg3 Nc6 11. Nxc6 Qxc6 12. Re1 Qc5 13. e5 dxe5 14. Rxe5 Qc6
15. Bf4 O-O 16. Rae1 Kh8 17. Rg5 Bb7 18. Be5 Rad8 19. h3 Rg8 20. Qh2 Nd7 21.
Bd5 exd5 22. Bxg7+ Rxg7 23. Rxg7 Kxg7 24. Rxe7 Kf8 0-1

[Event "POL ch 44"]
[Site "Wroclaw"]
[Date "1987.??.??"]
[Round "10"]
[White "Stempin, Pawel"]
[Black "Panczyk, Krzysztof"]
[Result "1-0"]
[WhiteElo "2415"]
[BlackElo "2410"]
[PlyCount "75"]
[EventDate "1987.??.??"]
[Source "Polbase"]
[SourceDate "1999.10.27"]

1. d4 Nf6 2. c4 e6 3. Nc3 d5 4. Bg5 Nbd7 5. e3 c6 6. Nf3 Qa5 7. Nd2 Bb4 8. Qc2
O-O 9. Be2 b6 10. O-O Bxc3 11. bxc3 Ba6 12. Bh4 Rac8 13. a4 dxc4 14. Nxc4 Bxc4
15. Bxc4 c5 16. Rac1 cxd4 17. cxd4 Rc6 18. Qb2 a6 19. Be2 Rfc8 20. Rxc6 Rxc6
21. Rc1 Qxa4 22. Rxc6 Qxc6 23. Bxa6 h6 24. f3 Qa4 25. Bb5 Qa5 26. Kf1 Nb8 27.
e4 Qa7 28. Bg3 Qb7 29. Qc2 Nfd7 30. Qc7 Qxc7 31. Bxc7 Kf8 32. Bd6+ Kg8 33. e5
g6 34. Ke2 Kg7 35. Kd3 h5 36. h4 Kh6 37. f4 Kg7 38. Kc4 1-0

[Event "POL ch 44"]
[Site "Wroclaw"]
[Date "1987.??.??"]
[Round "10"]
[White "Sznapik, Aleksander"]
[Black "Maciejewski, Miroslaw"]
[Result "1-0"]
[WhiteElo "2425"]
[BlackElo "2285"]
[PlyCount "59"]
[EventDate "1987.??.??"]
[Source "Polbase"]
[SourceDate "1999.10.27"]

1. e4 e5 2. Nf3 Nf6 3. Nxe5 d6 4. Nf3 Nxe4 5. d4 d5 6. Bd3 Nc6 7. O-O Be7 8. c4
Nb4 9. Be2 Be6 10. a3 Nc6 11. cxd5 Qxd5 12. Nc3 Nxc3 13. bxc3 Na5 14. Ne5 Rd8
15. Be3 b5 16. a4 b4 17. cxb4 Bxb4 18. Rb1 Qd6 19. Bf4 Qe7 20. Bb5+ Kf8 21. Bd2
c5 22. Bxb4 cxb4 23. Re1 Qd6 24. d5 Qxd5 25. Qe2 Qd2 26. Qf3 Qc3 27. Re3 Qc7
28. Rbe1 g6 29. Qf6 Rg8 30. Nxf7 1-0

[Event "POL ch 44"]
[Site "Wroclaw"]
[Date "1987.??.??"]
[Round "10"]
[White "Tomaszewski, Roman"]
[Black "Matlak, Marek"]
[Result "1-0"]
[WhiteElo "2380"]
[BlackElo "2390"]
[PlyCount "101"]
[EventDate "1987.??.??"]
[Source "Polbase"]
[SourceDate "1999.10.27"]

1. d4 d5 2. c4 e6 3. Nf3 c6 4. e3 f5 5. Ne5 Nf6 6. cxd5 cxd5 7. Bb5+ Nbd7 8. g4
fxg4 9. Nxg4 Bd6 10. f4 O-O 11. Nf2 Nb6 12. Nd2 Bd7 13. Bd3 Be8 14. Qf3 Bh5 15.
Qh3 Qe8 16. Nf3 Bb4+ 17. Kf1 Bxf3 18. Qxf3 Nc8 19. a3 Ba5 20. b4 Bb6 21. a4 Nd6
22. b5 Qd7 23. Ba3 Rfc8 24. Bxd6 Qxd6 25. Ng4 Qe7 26. Rg1 Rc3 27. Ke2 Rf8 28.
Qh3 Ne4 29. Nf2 g6 30. Bxe4 dxe4 31. Nxe4 Rc2+ 32. Kd3 Rfc8 33. Rg2 Rxg2 34.
Qxg2 Qb4 35. Qa2 Rd8 36. Qxe6+ Kg7 37. Qc4 Qb2 38. Qc3 Qg2 39. a5 Bxd4 40. Qc7+
Kh6 41. Qxd8 Bxa1 42. Qh4+ Kg7 43. Qe7+ Kh6 44. Qh4+ Kg7 45. Qe7+ Kh6 46. Qg5+
Qxg5 47. Nxg5 Bf6 48. Nf7+ Kh5 49. Nd6 Bd8 50. Nxb7 Bc7 51. b6 1-0

[Event "POL ch 44"]
[Site "Wroclaw"]
[Date "1987.??.??"]
[Round "11"]
[White "Hawelko, Marek"]
[Black "Schmidt, Wlodzimierz"]
[Result "1-0"]
[WhiteElo "2460"]
[BlackElo "2470"]
[PlyCount "77"]
[EventDate "1987.??.??"]
[Source "Polbase"]
[SourceDate "1999.10.27"]

1. e4 e6 2. d4 d5 3. Nd2 c5 4. exd5 exd5 5. Ngf3 Nc6 6. Bb5 Bd6 7. dxc5 Bxc5 8.
O-O Nge7 9. Nb3 Bd6 10. Nbd4 O-O 11. Be3 Bg4 12. h3 Nxd4 13. Bxd4 Bh5 14. Be2
Nc6 15. Be3 Re8 16. Qd2 Bxf3 17. Bxf3 d4 18. Bf4 Bxf4 19. Qxf4 Rc8 20. Rad1 Qa5
21. a3 Qb5 22. b3 Qc5 23. b4 Qxc2 24. b5 Nd8 25. Qxd4 Qc5 26. Qd7 Ne6 27. Qxb7
Rc7 28. Qa6 Nd4 29. Rd3 Qxb5 30. Qxb5 Nxb5 31. Rb1 a6 32. Rbb3 Kf8 33. a4 Na7
34. Rb6 a5 35. Ra6 Re5 36. Rd5 Rxd5 37. Bxd5 Rc1+ 38. Kh2 Rc5 39. Bb7 1-0

[Event "POL ch 44"]
[Site "Wroclaw"]
[Date "1987.??.??"]
[Round "11"]
[White "Juroszek, Tadeusz"]
[Black "Dejkalo, Stefan"]
[Result "1-0"]
[WhiteElo "2320"]
[BlackElo "2395"]
[PlyCount "69"]
[EventDate "1987.??.??"]
[Source "Polbase"]
[SourceDate "1999.10.27"]

1. e4 c6 2. d4 d5 3. Nc3 dxe4 4. Nxe4 Bf5 5. Ng3 Bg6 6. N1e2 e6 7. Nf4 Bd6 8.
c3 Nf6 9. Bc4 Nd5 10. Nxg6 hxg6 11. Ne4 Be7 12. O-O Nd7 13. h3 O-O 14. Re1 Qc7
15. Ng5 N7f6 16. Qe2 Rad8 17. Nf3 Rfe8 18. Ne5 a6 19. Bg5 c5 20. dxc5 Bxc5 21.
Bb3 b5 22. Qf3 Qb6 23. Re2 Bf8 24. Rae1 Qc5 25. g3 Bd6 26. Nd3 Qc6 27. Bxf6
gxf6 28. Bxd5 exd5 29. Qxf6 Rf8 30. h4 Qc4 31. Ne5 Bxe5 32. Rxe5 Qc5 33. Rh5
gxh5 34. Re5 Rfe8 35. Rxh5 1-0